| 000 | 02702nam a22003857a 4500 | ||
|---|---|---|---|
| 005 | 20211214111458.0 | ||
| 008 | 201107k19141927enk |||f||||| 001 0 mul d | ||
| 020 | _a9780674990364 | ||
| 020 | _a9780674990418 | ||
| 020 | _a9780674990593 | ||
| 020 | _a9780674990739 | ||
| 020 | _a9780674990913 | ||
| 020 | _a9780674990920 | ||
| 020 | _a9780674991934 | ||
| 020 | _a9780674991958 | ||
| 020 | _a9780674991965 | ||
| 040 |
_cSandra Yazo _dSandra Yazo |
||
| 041 | 0 |
_aeng _agre |
|
| 082 | 0 | 4 |
_220 _a937 |
| 092 | _aE62N033 | ||
| 100 | 1 |
_aDión Casio _9101469 |
|
| 242 | 0 | 0 |
_aDion Casio. _bHistoria de Roma. _cTraducción inglesa de Earnest Cary, a partir de la versión de Herbert Baldwin Foster. _pspa |
| 245 | 1 | 0 |
_aDio Cassius. _bRoman History. _cWith an english translation by Earnest Cary on the basis of the version of Herbert Baldwin Foster |
| 260 |
_aLondon [Londres] (Inglaterra) _bHarvard University Press [Imprenta de la Universidad de Harvard] _c1914 - 1927 |
||
| 300 |
_a9 volúmenes (xxx, 449 ; vii, 519 ; 519 ; 502 ; vii, 526 ; 492 ; 449 ; 482 ; 572 páginas) _c16 x 11 cm. |
||
| 490 | 0 |
_aLoeb classical Library _v32 ; 37 ; 53 ; 66 ; 82 ; 83 ; 175 ; 176 ; 177 |
|
| 500 | _aDetalles físicos: Encuadernación rígida. Cartón duro forrado en tela. Lomo con adornos en dorado. En la tapa delantera anagrama en dorado. Cubierta de papel verde con solapa, que incluye datos de autor y de la obra. Guardas. Hoja de cortesía. Anteportada. Portada impresa en una sola tinta; información sobre la obra dentro de un recuadro. Pequeño grabado con el emblema de la Colección (Palas Athenea); en el círculo, la inscripción “Loeb Classical Library”. Texto muy bien impreso en una sola columna: el texto griego, con párrafos numerados, ocupa la página derecha; la traducción inglesa correspondiente a la página de la izquierda. Notas de pie de página. Incluye índice. Hojas de cortesía posteriores y guardas. Leve deterioro en algunas páginas por dobleces. | ||
| 505 | _aHistoria de Roma: V.1 Libros I al XI (fragmentos) -- V.2: Libros XII al XXXV (fragmentos) ; Índice -- V.3: Libros XXXVI al XL ; Índice -- V.4: Libros XLI al XLV ; Índice -- V.5: Libros XLVI al L ; Índice -- V.6: Libros LI al LV ; Índice -- V.7: Libros LVI al LX ; Índice -- V.8: Resumen de los Libros LXI al LXX ; Índice -- V.9: Resumen de los Libros LXXI al LXXX ; Fragmentos del Libro LXXX ; Índice General | ||
| 506 | _aConsulta en sala | ||
| 546 | _aTexto en inglés y griego | ||
| 651 | 4 |
_aRoma _xImperio, 30 a. C.-476 d. C. _9101470 |
|
| 690 |
_aHistoria de Europa _926509 |
||
| 700 | 1 | 4 |
_aCary, Earnest _d1879-.... _etraductor _9100634 |
| 942 |
_2LOCAL _cLIBRO _e1 _hE62N033 |
||
| 999 |
_c318215 _d318215 |
||